Los Angeles Lakers Top 3 Points Per Game Per Year - Statistics

General Stats
  • This quiz has been taken 1,150 times
    14 since last reset
  • The average score is 24 of 63
Answer Stats
Player % Correct
Anthony Davis
100%
Austin Reaves
100%
Kobe Bryant
100%
LeBron James
100%
Luka Dončić
100%
Shaquille O'Neal
100%
Jerry West
92%
Kareem Abdul-Jabbar
92%
Magic Johnson
92%
James Worthy
85%
Pau Gasol
85%
Dwight Howard
77%
Wilt Chamberlain
77%
Russell Westbrook
69%
Andrew Bynum
62%
Elgin Baylor
62%
Byron Scott
54%
Cazzie Russell
54%
D'Angelo Russell
54%
Eddie Jones
54%
Julius Randle
54%
Kyle Kuzma
54%
Lamar Odom
54%
Gail Goodrich
46%
George Mikan
46%
Lou Williams
46%
Nick Van Exel
46%
Brandon Ingram
38%
Cedric Ceballos
38%
Derek Fisher
38%
Glen Rice
38%
Norm Nixon
38%
Archie Clark
31%
Jordan Clarkson
31%
Luke Walton
31%
Gary Payton
23%
Jamaal Wilkes
23%
Nick Young
23%
Smush Parker
23%
Vern Mikkelsen
23%
Vlade Divac
23%
Dennis Schröder
15%
Sedale Threatt
15%
Adrian Dantley
8%
Happy Hairston
8%
Jim Pollard
8%
Jordan Hill
8%
Sam Perkins
8%
Anthony Peeler
0%
Caron Butler
0%
Chucky Atkins
0%
Clyde Lovellette
0%
Dick Barnett
0%
Dick Garmaker
0%
Herm Schaefer
0%
Hot Rod Hundley
0%
Jim McMillian
0%
Jim Price
0%
Jodie Meeks
0%
Larry Foust
0%
Lucius Allen
0%
Rudy LaRusso
0%
Slater Martin
0%
No matching quizzes found
Score Distribution
Percent of People with Each Score
Percentile by Number Answered
Your Score History
You have not taken this quiz since the last reset